000 00191nam a22000977a 4500
041 _aeng
080 _a80
100 _aMatthiessen, P.
245 _aThe Tree Where Man Was Born
999 _c280284
_d280284
942 _cBK